Commentaries on the Law of Essential Commodities and Central Control Orders With foreword by Hon'ble Sh. S. Obul Reddy (Record no. 1176023)

MARC details
000 -LEADER
fixed length control field 00749nam a2200253Ia 4500
003 - CONTROL NUMBER IDENTIFIER
control field OSt
005 - DATE AND TIME OF LATEST TRANSACTION
control field 20221007101435.0
008 - FIXED-LENGTH DATA ELEMENTS--GENERAL INFORMATION
fixed length control field 221006b |||||||| |||| 00| 0 eng d
037 ## - SOURCE OF ACQUISITION
Terms of availability Textual
040 ## - CATALOGING SOURCE
Original cataloging agency LCO
Transcribing agency LCO
Language of cataloging eng
041 ## - LANGUAGE CODE
Source of code eng
Language code of text/sound track or separate title eng
100 ## - MAIN ENTRY--PERSONAL NAME
Personal name Rao Vedula Jagannadha
9 (RLIN) 687690
245 #0 - TITLE STATEMENT
Title Commentaries on the Law of Essential Commodities and Central Control Orders With foreword by Hon'ble Sh. S. Obul Reddy
250 ## - EDITION STATEMENT
Edition statement 2nd
260 ## - PUBLICATION, DISTRIBUTION, ETC.
Place of publication, distribution, etc. Hyderabad
Name of publisher, distributor, etc. Asia Law House India
Date of publication, distribution, etc. 1974
300 ## - PHYSICAL DESCRIPTION
Extent 560
650 ## - SUBJECT ADDED ENTRY--TOPICAL TERM
Topical term or geographic name entry element ESSENTIAL COMMODITIES
942 ## - ADDED ENTRY ELEMENTS (KOHA)
Classification part X5:55, L4
Koha item type Textual
Holdings
Withdrawn status Lost status Damaged status Not for loan Home library Current library Date acquired Total Checkouts Full call number Barcode Date last seen Price effective from Koha item type
        Law Centre-I Library Law Centre-I Library 2022-10-07   X5:55 L4 LO0007558 2022-10-07 2022-10-07 Textual
Copyright @ Delhi University Library System